000 00315nam a2200145Ia 4500
003 OSt
008 191201s2014 xx 000 0 und d
082 _a333.7
_bBIE
100 _aBIR, Ritu
245 0 _aEnvironmental Studies
260 _aN. delhi
_bVayu
_c2014
300 _a180
650 _aBBA
942 _2ddc
_cBK
999 _c6258
_d6258